000
00208 a2200097 4500
001
19825
100
_a
Remmers
245
_a
Measurements and evaluation
260
_a
_b
Harper & Row
_c
090
_c
14449
_d
14449
942
_a
NUST-CAE
_c
M
_c
4946
999
_c
254898
_d
254898